000 00868cab a2200289 4500
001 ABS50785
008 090401t1994 xxu||||| |||| 00| 0 eng d
035 _a(Sirsi) u45765
041 _aeng
100 _aBrown, E.
245 _aPrivate life of the PSA
260 _c1994
350 _a0
490 _aManagement Today
_vJuly 1994, 40-43(4)
520 _aProfiles The Building & Property group, which evolved from the acquisition and restructuring of two former PSA businesses.
650 _aAMEC
650 _aBUILDING AND PROPERTY FACILITIES MANAGEMENT LTD
650 _aBUILDING AND PROPERTY MANAGEMENT SERVICES
650 _aMINISTRY OF DEFENCE
650 _aPELL FRISCHMANN
650 _aPSA
650 _aTREVOR OSBORNE
650 _aUNICORN CONSULTANCY SERVICES LTD
690 _aBUILT ENVIRONMENT
942 _n0
948 _c04/03/1997
999 _c28959
_d28959